000 004130000a22001690004500
003 MACL
005 20151231113259.0
008 151231b xxu||||| |||| 00| 0 eng d
040 _aMACL
_cMACL
041 _aEnglish
082 _a294/RAG
100 _aRaghavan, V
_912370
245 _aThe Number of Rasas
260 _bThe Adyar Library
_c1940
_aMadras
650 _aReligion
_925409
942 _cBK
_k294/RAG
_2ddc
999 _c36605
_d36605